[Event "4NCL Online Division 4"]
[Site "online"]
[Date "2020.05.05"]
[Round "5.123"]
[White "Vanjare, Aditya"]
[Black "Blasczyk, Martin"]
[Result "1-0"]
[WhiteElo "1705"]
[BlackElo "1690"]
[PlyCount "53"]
[EventDate "2020.05.05"]
[WhiteTeam "To Be Decided"]
[BlackTeam "Atticus B"]

1. d4 e6 2. e4 d5 3. Nd2 c5 4. exd5 exd5 5. Bb5+ Nc6 6. Ngf3 a6 7. Bxc6+ bxc6
8. O-O Nf6 9. Re1+ Be7 10. dxc5 O-O 11. Nb3 Bg4 12. Bf4 Ne4 13. h3 Bxf3 14.
Qxf3 Nxc5 15. Nd4 Qd7 16. Nxc6 Bd6 17. Qxd5 Bxf4 18. Qxc5 Rac8 19. Ne7+ Kh8 20.
Nxc8 Rxc8 21. Qe7 Qc6 22. Rad1 h6 23. Qxf7 Bg5 24. Rd7 Bf6 25. Re8+ Kh7 26.
Qg8+ Kg6 27. Rxg7+ 1-0

[Event "4NCL Online Division 4"]
[Site "online"]
[Date "2020.05.05"]
[Round "5.124"]
[White "Burge, Steve J"]
[Black "Jaberansari, Daniel"]
[Result "0-1"]
[WhiteElo "1675"]
[BlackElo "1645"]
[PlyCount "92"]
[EventDate "2020.05.05"]
[WhiteTeam "Atticus B"]
[BlackTeam "To Be Decided"]

1. e4 e6 2. b3 d5 3. Bb2 Nf6 4. e5 Nfd7 5. Qg4 c5 6. f4 Nc6 7. Nf3 Nb6 8. Be2
Bd7 9. a4 Nc8 10. O-O h5 11. Qg3 N8e7 12. Nh4 Qc7 13. Na3 O-O-O 14. Nb5 Qb6 15.
a5 Nxa5 16. Nd6+ Kb8 17. Kh1 Be8 18. Bc3 Nac6 19. Rfb1 Ng6 20. Nb5 a6 21. Na3
Nb4 22. Qf2 Be7 23. Nxg6 fxg6 24. Bxb4 Qxb4 25. c3 Qe4 26. b4 Rf8 27. bxc5 Rxf4
28. Bf3 g5 29. Qf1 Bxc5 30. Qxa6 Qe1+ 31. Rxe1 bxa6 32. Reb1+ Ka7 33. d4 Bxa3
34. Rxa3 Bd7 35. Rab3 Bb5 36. Ra1 Kb6 37. Kg1 Kc7 38. Rab1 g4 39. Rxb5 axb5 40.
Be2 Rb8 41. g3 Re4 42. Bd3 Re3 43. Bg6 Rxc3 44. Bf7 b4 45. Bxe6 b3 46. Bxd5 b2
0-1

[Event "4NCL Online Division 4"]
[Site "online"]
[Date "2020.05.05"]
[Round "5.131"]
[White "Niedbal, Piotr"]
[Black "Flynn, David"]
[Result "0-1"]
[WhiteElo "1893"]
[BlackElo "1900"]
[PlyCount "84"]
[EventDate "2020.05.05"]
[WhiteTeam "Urmston"]
[BlackTeam "Ashfield Anonymous B"]

1. e4 e6 2. d4 d5 3. Nd2 Nf6 4. e5 Nfd7 5. Bd3 c5 6. c3 Nc6 7. Ne2 cxd4 8. cxd4
f6 9. exf6 Nxf6 10. O-O Bd6 11. Nf3 Qc7 12. Bg5 O-O 13. Rc1 Bd7 14. a3 h6 15.
Bh4 Nh5 16. Bb1 Be8 17. Qd3 g6 18. Qe3 Nf4 19. Bg3 Rf6 20. Ne5 Bxe5 21. dxe5
Nxe2+ 22. Qxe2 Rf8 23. Qg4 Qf7 24. h4 Kg7 25. h5 g5 26. Bg6 Qe7 27. Bb1 Bd7 28.
f4 Kh8 29. f5 exf5 30. Bxf5 Bxf5 31. Rxf5 Rxf5 32. Qxf5 Rf8 33. Qg6 Qg7 34.
Rxc6 bxc6 35. Qxc6 Rd8 36. e6 Qe7 37. Bc7 Re8 38. Qxd5 Qxc7 39. Qf5 Qc1+ 40.
Kh2 Qf4+ 41. Qxf4 gxf4 42. Kh3 Rxe6 0-1

[Event "4NCL Online Division 4"]
[Site "online"]
[Date "2020.05.05"]
[Round "5.132"]
[White "Bromilow, Edward T"]
[Black "Bitlloch, Jordi"]
[Result "1-0"]
[WhiteElo "1862"]
[BlackElo "1735"]
[PlyCount "65"]
[EventDate "2020.05.05"]
[WhiteTeam "Ashfield Anonymous B"]
[BlackTeam "Urmston"]

1. d4 Nf6 2. Nf3 c5 3. d5 d6 4. Nc3 e5 5. e4 Be7 6. Bd3 Nbd7 7. O-O a6 8. a4
Nf8 9. Bd2 Ng6 10. Re1 h6 11. a5 b5 12. axb6 Qxb6 13. Na4 Qc7 14. b3 Nh7 15.
Nb2 Ng5 16. Ba5 Qb7 17. Nd2 O-O 18. Nbc4 f5 19. Nb6 fxe4 20. Nxe4 Nxe4 21. Bxe4
Rb8 22. Bxg6 Bf5 23. Bxf5 Rxf5 24. Qe2 Rbf8 25. Rf1 Bf6 26. Ra4 h5 27. Qd3 Rg5
28. Nc4 Qe7 29. Ne3 g6 30. Bd2 e4 31. Rxe4 Re5 32. Rxe5 Bxe5 33. Qxg6+ 1-0

[Event "4NCL Online Division 4"]
[Site "online"]
[Date "2020.05.05"]
[Round "5.133"]
[White "Whalley, Mark E"]
[Black "Robins, Andrew"]
[Result "1/2-1/2"]
[WhiteElo "1712"]
[BlackElo "1757"]
[PlyCount "44"]
[EventDate "2020.05.05"]
[WhiteTeam "Urmston"]
[BlackTeam "Ashfield Anonymous B"]

1. d4 Nf6 2. Nf3 g6 3. Nbd2 d5 4. e3 Bg7 5. Bd3 O-O 6. O-O c5 7. c3 cxd4 8.
exd4 Nc6 9. Re1 Qc7 10. Qc2 Bg4 11. h3 Bxf3 12. Nxf3 Rac8 13. a3 Rfe8 14. Bd2
e6 15. Re2 a6 16. Rae1 b5 17. Qc1 Na5 18. Bf4 Qb7 19. Ne5 Nc4 20. Bb1 Nd7 21.
Ng4 Nf6 22. Ne5 Nd7 1/2-1/2

[Event "4NCL Online Division 4"]
[Site "online"]
[Date "2020.05.05"]
[Round "5.134"]
[White "Fraser, Chris"]
[Black "Randall, Grant"]
[Result "1/2-1/2"]
[WhiteElo "1622"]
[BlackElo "1540"]
[PlyCount "116"]
[EventDate "2020.05.05"]
[WhiteTeam "Ashfield Anonymous B"]
[BlackTeam "Urmston"]

1. e4 e5 2. Nf3 Nf6 3. Nxe5 d6 4. Nf3 Nxe4 5. Nc3 Nxc3 6. dxc3 Be7 7. Be3 O-O
8. Qd2 Nd7 9. O-O-O Nf6 10. h3 b6 11. g4 Bb7 12. Bg2 d5 13. Nd4 Ne4 14. Qe1 Nf6
15. Nf5 Re8 16. Qd2 Bf8 17. Bg5 c6 18. Rde1 Rxe1+ 19. Rxe1 Bc8 20. Nd4 Bd7 21.
f3 c5 22. Ne2 Bc6 23. h4 h6 24. Bf4 Bd6 25. Bg3 Qc7 26. Bxd6 Qxd6 27. g5 hxg5
28. hxg5 Nh5 29. f4 Re8 30. Bf3 g6 31. Bxh5 gxh5 32. Rh1 d4 33. Rf1 Bb5 34. Rf2
Rxe2 35. Rxe2 Bxe2 36. Qxe2 Qxf4+ 37. Kd1 Qxg5 38. cxd4 Qg1+ 39. Kd2 Qxd4+ 40.
Kc1 Qf4+ 41. Kb1 Qf5 42. Qg2+ Qg4 43. Qa8+ Kg7 44. a3 h4 45. Qd5 Qf4 46. Qg2+
Qg3 47. Qd5 h3 48. b4 h2 49. Ka2 Qg1 50. Qe5+ Kg8 51. Qe8+ Kg7 52. Qe5+ Kh6 53.
Qf6+ Qg6 54. Qh4+ Qh5 55. Qf4+ Kh7 56. Qe4+ Kg7 57. Qg2+ Kh6 58. Qd2+ Kg7
1/2-1/2

[Event "4NCL Online Division 4"]
[Site "online"]
[Date "2020.05.05"]
[Round "5.141"]
[White "Robbings, Andrew MJ"]
[Black "Tarling, Ray"]
[Result "0-1"]
[WhiteElo "2027"]
[BlackElo "1930"]
[PlyCount "88"]
[EventDate "2020.05.05"]
[WhiteTeam "Wantage"]
[BlackTeam "Guildford Gatekeepers"]

1. e4 e5 2. Nf3 Nc6 3. Bb5 a6 4. Bxc6 dxc6 5. h3 Qd6 6. d3 f6 7. Nbd2 Be6 8. b3
Nh6 9. a4 Qd7 10. Qe2 Bd6 11. Nc4 Nf7 12. Bb2 O-O 13. O-O c5 14. a5 Nh8 15. c3
Ng6 16. Qe3 Nf4 17. Nh2 Qb5 18. Ra3 Bxc4 19. dxc4 Qc6 20. Raa1 Rad8 21. Rad1
Be7 22. Ba3 b5 23. cxb5 Qxb5 24. Nf3 Qxa5 25. Bc1 Qxc3 26. Qxc3 Ne2+ 27. Kh2
Nxc3 28. Rde1 Rd3 29. Be3 Rfd8 30. Ra1 Nxe4 31. Rxa6 Rxb3 32. Rc1 Rdb8 33. Nh4
g6 34. Rd1 Bd6 35. g3 Nc3 36. Rda1 Nd5 37. Ng2 c4 38. Ra8 Rxa8 39. Rxa8+ Kf7
40. Ra1 c3 41. Ne1 Nxe3 42. fxe3 Bc5 43. Nc2 Rb2 44. Rc1 Bxe3 0-1

[Event "4NCL Online Division 4"]
[Site "online"]
[Date "2020.05.05"]
[Round "5.142"]
[White "Kammin, Samuel"]
[Black "Carter, John P"]
[Result "0-1"]
[WhiteElo "1795"]
[BlackElo "1802"]
[PlyCount "114"]
[EventDate "2020.05.05"]
[WhiteTeam "Guildford Gatekeepers"]
[BlackTeam "Wantage"]

1. Nf3 Nf6 2. c4 e6 3. g3 d5 4. d4 Bb4+ 5. Bd2 Be7 6. Bg2 O-O 7. O-O Nbd7 8.
Bf4 dxc4 9. Nbd2 Nb6 10. Qc2 Nfd5 11. Be5 f6 12. Bf4 Nxf4 13. gxf4 Nd5 14. e3
b5 15. a4 c6 16. Ne4 Bd7 17. Nc5 Bxc5 18. dxc5 Qe7 19. Nd4 Qxc5 20. Qe4 Qd6 21.
Bh3 f5 22. Qg2 Rad8 23. Nf3 b4 24. Ne5 c3 25. bxc3 Nxc3 26. Kh1 Qd5 27. f3 Bc8
28. Rg1 Rd7 29. Nxd7 Qxd7 30. e4 g6 31. Qb2 a5 32. e5 Qd3 33. Qf2 Qe2 34. Qg3
Rd8 35. Bf1 Qe3 36. Re1 Qb6 37. h4 Rd2 38. h5 Qf2 39. Qh3 Kg7 40. Bc4 Nd5 41.
Bxd5 Rxd5 42. Ref1 Qc5 43. Qg3 Qe7 44. hxg6 h6 45. Rf2 Qd8 46. Rh2 Rd1 47. Qh3
Rxg1+ 48. Kxg1 Qd4+ 49. Kg2 Qxf4 50. Qh5 Qd2+ 51. Kf1 Qc1+ 52. Kf2 b3 53. Kg3
b2 54. f4 Qe3+ 55. Kg2 Qxf4 56. Qd1 Qe4+ 57. Kf2 b1=Q 0-1

[Event "4NCL Online Division 4"]
[Site "online"]
[Date "2020.05.05"]
[Round "5.143"]
[White "Piggott, Roly"]
[Black "Merriman, Rob"]
[Result "1-0"]
[WhiteElo "1772"]
[BlackElo "1727"]
[PlyCount "109"]
[EventDate "2020.05.05"]
[WhiteTeam "Wantage"]
[BlackTeam "Guildford Gatekeepers"]

1. d4 e6 2. c4 Nf6 3. g3 Bb4+ 4. Bd2 Qe7 5. Bg2 c6 6. a3 Bxd2+ 7. Nxd2 O-O 8.
Ngf3 d5 9. O-O Nbd7 10. Qc2 b6 11. Rfe1 Bb7 12. b4 c5 13. Ne5 cxd4 14. Nxd7
Qxd7 15. c5 e5 16. cxb6 axb6 17. Qb3 Rfc8 18. Rec1 Qb5 19. Nf3 Re8 20. Rc2 Ne4
21. a4 Qd7 22. b5 Nc3 23. e3 Qg4 24. exd4 exd4 25. h3 Ne2+ 26. Kh2 Qf5 27. Rc7
Rab8 28. Re1 d3 29. Rd1 Rec8 30. Rxc8+ Rxc8 31. Qxd3 Qxd3 32. Rxd3 h6 33. Ne5
Nc3 34. Nc6 Bxc6 35. Rxc3 Bb7 36. Rxc8+ Bxc8 37. Bxd5 Kf8 38. a5 bxa5 39. b6
Ke7 40. b7 Bxb7 41. Bxb7 Kd6 42. Be4 a4 43. Bb1 Kc5 44. Ba2 f6 45. Kg2 Kb4 46.
Kf3 Ka3 47. Bf7 Kb2 48. Ke4 a3 49. Kf5 a2 50. Bxa2 Kxa2 51. Kg6 Kb3 52. Kxg7 f5
53. Kxh6 f4 54. gxf4 Kc4 55. f5 1-0

[Event "4NCL Online Division 4"]
[Site "online"]
[Date "2020.05.05"]
[Round "5.144"]
[White "Tarling, Adam"]
[Black "Mills, Matt"]
[Result "1-0"]
[WhiteElo "1705"]
[BlackElo "1465"]
[PlyCount "107"]
[EventDate "2020.05.05"]
[WhiteTeam "Guildford Gatekeepers"]
[BlackTeam "Wantage"]

1. e4 e5 2. Nf3 Nc6 3. d4 exd4 4. Nxd4 Nxd4 5. Qxd4 Nf6 6. Nc3 b6 7. Bg5 Be7 8.
Bc4 c5 9. Qd1 Bb7 10. f3 a6 11. O-O b5 12. Be2 O-O 13. a4 b4 14. Nb1 d6 15. Bc4
a5 16. c3 Ba6 17. Bxa6 Rxa6 18. Qd3 Rb6 19. c4 Nd7 20. Bxe7 Qxe7 21. b3 Ne5 22.
Qe2 Nc6 23. Nd2 Nd4 24. Qf2 Re8 25. Rac1 Rbb8 26. Rfe1 f6 27. f4 Qf7 28. Re3
Re7 29. Nf3 Rbe8 30. Rce1 Nxf3+ 31. Qxf3 g5 32. Qg3 Qg6 33. f5 Qf7 34. Qxd6 Re5
35. Qb6 R8e7 36. Rd1 Rxe4 37. Rxe4 Rxe4 38. Qxc5 Re5 39. Qc8+ Kg7 40. Rd7 Re7
41. Rxe7 Qxe7 42. Qe6 Kf8 43. Qxe7+ Kxe7 44. Kf2 Kd6 45. Ke3 h5 46. Kd4 g4 47.
g3 Kc6 48. c5 Kc7 49. Kd5 Kd7 50. c6+ Kc7 51. Ke6 Kd8 52. Kxf6 Kc7 53. Ke7 Kxc6
54. f6 1-0

[Event "4NCL Online Division 4"]
[Site "online"]
[Date "2020.05.05"]
[Round "5.151"]
[White "Morrison, Munroe L"]
[Black "Chaplin, Peter E"]
[Result "0-1"]
[WhiteElo "1717"]
[BlackElo "2046"]
[PlyCount "62"]
[EventDate "2020.05.05"]
[WhiteTeam "War & Piece"]
[BlackTeam "Weston Super Mare"]

1. e4 c5 2. c3 d5 3. exd5 Qxd5 4. d4 cxd4 5. cxd4 Nc6 6. Be3 e5 7. Nc3 Bb4 8.
a3 Bxc3+ 9. bxc3 exd4 10. cxd4 Nf6 11. Nf3 O-O 12. Be2 Ne4 13. O-O Nc3 14. Qd2
Nxe2+ 15. Qxe2 Bg4 16. Rab1 b6 17. Rb5 Bxf3 18. gxf3 Nxd4 19. Bxd4 Qxd4 20. Rd1
Qh4 21. Rb4 Qh3 22. Rg4 Rae8 23. Qd3 Re6 24. Kh1 Rfe8 25. Rdg1 g6 26. R4g3 Qh6
27. Kg2 Re2 28. Kf1 Rd2 29. Qb5 Rxf2+ 30. Kxf2 Qd2+ 31. Qe2 Qxe2# 0-1

[Event "4NCL Online Division 4"]
[Site "online"]
[Date "2020.05.05"]
[Round "5.152"]
[White "Szarka, Szilard"]
[Black "Thomas, Jacob"]
[Result "1-0"]
[WhiteElo "1895"]
[BlackElo "1457"]
[PlyCount "59"]
[EventDate "2020.05.05"]
[WhiteTeam "Weston Super Mare"]
[BlackTeam "War & Piece"]

1. d4 Nf6 2. Bf4 g6 3. Nc3 d6 4. e4 Bg7 5. Nf3 O-O 6. Qd2 Nbd7 7. O-O-O b6 8.
Bh6 Bb7 9. Bxg7 Kxg7 10. e5 Bxf3 11. gxf3 Nh5 12. f4 e6 13. h4 Kg8 14. Be2 Ng7
15. h5 Nf5 16. Rdg1 c5 17. hxg6 fxg6 18. d5 exd5 19. Qxd5+ Kg7 20. Ne4 dxe5 21.
Rxh7+ Kxh7 22. Ng5+ Kg7 23. Ne6+ Kf6 24. Nxd8 Raxd8 25. Qc6+ Ke7 26. Rxg6 Nd4
27. Qd6+ Kf7 28. Bc4+ Ke8 29. Re6+ Kf7 30. Re7# 1-0

[Event "4NCL Online Division 4"]
[Site "online"]
[Date "2020.05.05"]
[Round "5.153"]
[White "O'Neill, Stephen G"]
[Black "Isaac, Oliver T"]
[Result "0-1"]
[WhiteElo "1457"]
[BlackElo "1682"]
[PlyCount "68"]
[EventDate "2020.05.05"]
[WhiteTeam "War & Piece"]
[BlackTeam "Weston Super Mare"]

1. Nf3 Nf6 2. d4 g6 3. Bf4 Bg7 4. e3 O-O 5. Bd3 c5 6. c3 Nc6 7. O-O d5 8. Nbd2
cxd4 9. exd4 Re8 10. Ne5 Nxe5 11. Bxe5 Bg4 12. Nf3 Ne4 13. h3 Bxf3 14. gxf3 Nd6
15. Bxg7 Kxg7 16. Re1 e6 17. f4 Rc8 18. Qg4 b5 19. h4 h5 20. Qg5 Qb6 21. Kh2 b4
22. Rg1 Nf5 23. Rac1 bxc3 24. bxc3 Qa5 25. Qxh5 Rxc3 26. Rxc3 Qxc3 27. Bb1 Rh8
28. Qg5 Rxh4+ 29. Qxh4 Nxh4 30. Rg3 Qe1 31. Kh3 Qh1+ 32. Kg4 f5+ 33. Bxf5 exf5+
34. Kg5 Nf3+ 0-1

[Event "4NCL Online Division 4"]
[Site "online"]
[Date "2020.05.05"]
[Round "5.154"]
[White "Murphy, Jack"]
[Black "Blair, Jimmy"]
[Result "0-1"]
[WhiteElo "1502"]
[BlackElo "1375"]
[PlyCount "66"]
[EventDate "2020.05.05"]
[WhiteTeam "Weston Super Mare"]
[BlackTeam "War & Piece"]

1. e4 c5 2. d4 cxd4 3. c3 dxc3 4. Nxc3 d6 5. Nf3 Nc6 6. Bc4 Bg4 7. h3 Bxf3 8.
Qxf3 Nf6 9. Be3 g6 10. g4 Bg7 11. g5 Ne5 12. Bb5+ Nfd7 13. Qe2 O-O 14. f4 a6
15. Bxd7 Nxd7 16. h4 Qa5 17. Rc1 Rac8 18. h5 Bxc3+ 19. bxc3 e6 20. Bd2 Qb5 21.
c4 Qc6 22. hxg6 fxg6 23. Bc3 Rxf4 24. Rxh7 Rxe4 25. Rh8+ Kf7 26. Rh7+ Ke8 27.
Rh8+ Nf8 28. Bg7 Rxe2+ 29. Kxe2 Qe4+ 30. Kd1 Qd3+ 31. Ke1 Qe3+ 32. Kd1 Kf7 33.
Rh7 Nxh7 0-1

[Event "4NCL Online Division 4"]
[Site "online"]
[Date "2020.05.05"]
[Round "5.161"]
[White "Dicen, Imogen"]
[Black "Patel, Rishi"]
[Result "0-1"]
[WhiteElo "1847"]
[BlackElo "1891"]
[PlyCount "104"]
[EventDate "2020.05.05"]
[WhiteTeam "Warwickshire Bears A"]
[BlackTeam "Harrow 3"]

1. d4 Nf6 2. c4 e6 3. Nc3 Bb4 4. Bf4 b6 5. Nf3 Bb7 6. e3 O-O 7. Bd3 h6 8. O-O
Nh5 9. Bg3 Nxg3 10. fxg3 c5 11. Qd2 d6 12. Rad1 Nd7 13. Qc2 Nf6 14. a3 Bxc3 15.
Qxc3 Qc7 16. Rc1 Rfe8 17. Rce1 Rac8 18. Nh4 d5 19. b3 Red8 20. dxc5 dxc4 21.
Bxc4 Qxc5 22. Qb2 b5 23. Rxf6 gxf6 24. Qxf6 bxc4 25. Rf1 Qxe3+ 26. Kh1 Rd7 27.
bxc4 Qg5 28. Qc3 Rcd8 29. Qb3 Qd2 30. Qb1 Qe2 31. Qe1 Qxe1 32. Rxe1 Rd1 33. Rg1
Rxg1+ 34. Kxg1 Rd1+ 35. Kf2 Ra1 36. Nf3 Bxf3 37. Kxf3 Rxa3+ 38. Ke4 Ra4 39. Kd3
Kf8 40. Kd4 Ke7 41. Kc5 Kd7 42. Kb5 Ra2 43. c5 Rxg2 44. c6+ Kc7 45. Kc5 Rxh2
46. Kb5 Rg2 47. Ka6 Rxg3 48. Kb5 Rc3 49. Ka6 Kxc6 50. Kxa7 Rb3 51. Ka8 Kc7 52.
Ka7 Ra3# 0-1

[Event "4NCL Online Division 4"]
[Site "online"]
[Date "2020.05.05"]
[Round "5.162"]
[White "Manmay Chopra"]
[Black "Sandhu, Manvith"]
[Result "0-1"]
[WhiteElo "1855"]
[BlackElo "1885"]
[PlyCount "80"]
[EventDate "2020.05.05"]
[WhiteTeam "Harrow 3"]
[BlackTeam "Warwickshire Bears A"]

1. e4 Nc6 2. Nf3 d6 3. d4 Nf6 4. Nc3 g6 5. h3 Bg7 6. Be3 O-O 7. Qd2 e5 8. O-O-O
exd4 9. Nxd4 Nxd4 10. Bxd4 a6 11. Kb1 b5 12. Nd5 Nxe4 13. Qe3 Nf6 14. Bxf6 Bxf6
15. Qf3 Bg7 16. g4 Bb7 17. Bg2 Bxd5 18. Qxd5 Qf6 19. Qb3 Rab8 20. Rhf1 c5 21.
c3 c4 22. Qb4 Rfd8 23. Rd2 a5 24. Qxa5 b4 25. cxb4 c3 26. Rc2 cxb2 27. Rd1 Rdc8
28. Qa7 d5 29. Bxd5 Qf4 30. Qe3 Qf6 31. Qa7 Qf4 32. Qe3 Qxb4 33. Qb3 Qe7 34.
Qe3 Qf6 35. g5 Qf5 36. Qe4 Qxh3 37. Qf4 Rxc2 38. Qxb8+ Rc8 39. Qg3 Qf5+ 40. Qd3
Rc1+ 0-1

[Event "4NCL Online Division 4"]
[Site "online"]
[Date "2020.05.05"]
[Round "5.163"]
[White "Pal, Rohan"]
[Black "Stotz, Martin"]
[Result "1-0"]
[WhiteElo "1832"]
[BlackElo "1780"]
[PlyCount "123"]
[EventDate "2020.05.05"]
[WhiteTeam "Warwickshire Bears A"]
[BlackTeam "Harrow 3"]

1. e4 c6 2. d4 d5 3. exd5 cxd5 4. Bd3 Nf6 5. c3 Qc7 6. Nf3 Bg4 7. Bg5 Nbd7 8.
Nbd2 e6 9. O-O Bd6 10. h3 Bh5 11. Qc2 Bg6 12. Rfe1 O-O 13. Re2 Bxd3 14. Qxd3
Rac8 15. Rae1 Qb6 16. Nf1 Ne4 17. Be3 h6 18. Ne5 Bxe5 19. dxe5 Nxe5 20. Qxe4
dxe4 21. Bxb6 axb6 22. Rxe4 Nd3 23. R1e2 Rfd8 24. g3 b5 25. a3 Rc4 26. Nd2 Rxe4
27. Nxe4 Rd5 28. f4 b6 29. Kg2 Kf8 30. Kf3 f5 31. Nd2 Nxb2 32. Nb3 Rd3+ 33. Kg2
Nc4 34. Nd4 Rxc3 35. Nxe6+ Kg8 36. Nd4 Nd6 37. Re6 Ne4 38. Nxf5 Nf6 39. Rxb6
Rxa3 40. Rxb5 Ra2+ 41. Kf3 Ra3+ 42. Ke2 Ra2+ 43. Kd3 Ra3+ 44. Kd4 Kf8 45. Rb8+
Kf7 46. Rb7+ Kg6 47. g4 Ra4+ 48. Kc5 Ne8 49. Ne7+ Kh7 50. f5 Ra3 51. Rb8 Nf6
52. Ng6 Ng8 53. h4 Rg3 54. Rb4 Nf6 55. Ne5 Rc3+ 56. Kd6 Ne8+ 57. Ke7 Nf6 58.
Rb8 Rc7+ 59. Kd6 Ra7 60. Ng6 Ra6+ 61. Kc7 Ng8 62. g5 1-0

[Event "4NCL Online Division 4"]
[Site "online"]
[Date "2020.05.05"]
[Round "5.164"]
[White "O'Neill, Richard"]
[Black "Shearsby, Jude"]
[Result "0-1"]
[WhiteElo "1645"]
[BlackElo "1847"]
[PlyCount "80"]
[EventDate "2020.05.05"]
[WhiteTeam "Harrow 3"]
[BlackTeam "Warwickshire Bears A"]

1. e4 Nc6 2. d4 d5 3. e5 Bf5 4. Nf3 e6 5. Be2 Nge7 6. O-O Bg6 7. b3 Nf5 8. Bb2
Bb4 9. a3 Be7 10. Nbd2 O-O 11. Re1 f6 12. Nf1 fxe5 13. Nxe5 Nxe5 14. dxe5 Bc5
15. Bf3 Qe7 16. b4 Bb6 17. Qd2 Nh4 18. Bd4 Rxf3 19. Bxb6 axb6 20. gxf3 Nxf3+
21. Kh1 Nxd2 22. Nxd2 Qg5 23. Nf3 Qf4 24. Re3 Be4 25. Kg2 Qg4+ 26. Kf1 Bxf3 27.
Ke1 Qg1+ 28. Kd2 Qxa1 29. Rxf3 Qxe5 30. h3 Qd4+ 31. Ke2 Qe4+ 32. Re3 Qxc2+ 33.
Kf3 d4 34. Rxe6 Qf5+ 35. Ke2 Qxe6+ 36. Kd3 Rxa3+ 37. Kxd4 Qd6+ 38. Ke4 Qxb4+
39. Ke5 Ra5+ 40. Ke6 Qd6# 0-1

[Event "4NCL Online Division 4"]
[Site "online"]
[Date "2020.05.12"]
[Round "6.11"]
[White "Bromilow, Edward T"]
[Black "Janota, Paul S"]
[Result "0-1"]
[WhiteElo "1862"]
[BlackElo "1844"]
[PlyCount "122"]
[EventDate "2020.05.12"]
[WhiteTeam "Ashfield Anonymous B"]
[BlackTeam "Surbiton 3"]

1. d4 e6 2. e4 d5 3. exd5 exd5 4. Nf3 Bd6 5. c4 dxc4 6. Bxc4 Nf6 7. Qe2+ Qe7 8.
Qxe7+ Bxe7 9. O-O O-O 10. Re1 Bb4 11. Nc3 Bf5 12. a3 Bxc3 13. bxc3 Nbd7 14. Bf4
Rfe8 15. Ng5 Bg6 16. Ba2 h6 17. Nf3 Ne4 18. Rac1 c6 19. h3 Ndf6 20. c4 Rad8 21.
Be3 Re7 22. Ne5 Bh7 23. Red1 Nd7 24. Nxd7 Rexd7 25. d5 cxd5 26. cxd5 Bg6 27.
Bf4 Nf6 28. d6 Ne4 29. Rd4 Kf8 30. Bb1 Nxd6 31. Bxg6 fxg6 32. Rcd1 Ke7 33. Re1+
Kf7 34. Red1 Ke7 35. Be3 b6 36. Bf4 Nb5 37. Re1+ Kf7 38. Rxd7+ Rxd7 39. Ra1 Rd3
40. a4 Nc3 41. Bb8 a6 42. Kf1 Rd1+ 43. Rxd1 Nxd1 44. Ba7 b5 45. axb5 axb5 46.
Ke2 Nc3+ 47. Kd3 Nd5 48. Kd4 Ke6 49. g3 g5 50. Bc5 g6 51. Bf8 h5 52. Kc5 Nc3
53. Kb4 Ne4 54. Kxb5 Nxf2 55. Kc6 Nxh3 56. Kc5 h4 57. Bd6 Nf2 58. Bb8 Ne4+ 59.
Kd4 Nxg3 60. Bxg3 hxg3 61. Ke4 g2 0-1

[Event "4NCL Online Division 4"]
[Site "online"]
[Date "2020.05.12"]
[Round "6.12"]
[White "Voiculescu-Holvad, Stefan"]
[Black "Morgan, Philip D"]
[Result "1-0"]
[WhiteElo "1772"]
[BlackElo "1802"]
[PlyCount "127"]
[EventDate "2020.05.12"]
[WhiteTeam "Surbiton 3"]
[BlackTeam "Ashfield Anonymous B"]

1. d4 d5 2. c4 e6 3. Nc3 c5 4. cxd5 cxd4 5. Qxd4 Nc6 6. Qd1 exd5 7. Qxd5 Be6 8.
Qxd8+ Rxd8 9. Bg5 f6 10. Bd2 Nb4 11. Kd1 Nh6 12. h3 Be7 13. a3 Bb3+ 14. Kc1 Nc2
15. Rb1 Nd4 16. e3 Nc6 17. Nf3 O-O 18. Bb5 Rc8 19. Bxc6 bxc6 20. Nd4 Bf7 21. e4
Bg6 22. Bxh6 gxh6 23. Nf5 Bxf5 24. exf5 Bd6 25. Ne4 Be5 26. Kc2 Rfd8 27. Rhd1
Rd5 28. g4 Rcd8 29. Nc3 Rd4 30. Rxd4 Rxd4 31. Rd1 Kf7 32. Rxd4 Bxd4 33. f3 Ke7
34. Ne4 h5 35. b4 hxg4 36. fxg4 h6 37. Kd3 Bb2 38. a4 Be5 39. Kc4 Kd7 40. Kc5
Kc7 41. h4 Kd7 42. g5 fxg5 43. hxg5 hxg5 44. Nxg5 Bd6+ 45. Kc4 Kc7 46. Ne4 Bf8
47. f6 Kd7 48. Nc5+ Kd6 49. Nb7+ Kd7 50. Na5 Kd6 51. b5 cxb5+ 52. axb5 Kc7 53.
Nb3 Kb6 54. f7 a6 55. bxa6 Kxa6 56. Nc5+ Ka7 57. Nd7 Bg7 58. Kd5 Kb7 59. Ke6
Kc7 60. Ke7 Bh6 61. Ne5 Bg7 62. Ng6 Bc3 63. Ke6 Bb4 64. Ne7 1-0

[Event "4NCL Online Division 4"]
[Site "online"]
[Date "2020.05.12"]
[Round "6.13"]
[White "Graham, Neil"]
[Black "Ratnesan, Radha"]
[Result "1-0"]
[WhiteElo "1795"]
[BlackElo "1682"]
[PlyCount "107"]
[EventDate "2020.05.12"]
[WhiteTeam "Ashfield Anonymous B"]
[BlackTeam "Surbiton 3"]

1. d4 Nf6 2. f3 e6 3. e4 d5 4. Be3 b6 5. e5 Nfd7 6. c3 Bb7 7. Bd3 Be7 8. Ne2 c5
9. O-O Nc6 10. a3 cxd4 11. cxd4 Rc8 12. Nbc3 O-O 13. Rc1 f6 14. f4 Na5 15. Ng3
Nc4 16. Qh5 f5 17. Qe2 Nxe3 18. Qxe3 Re8 19. Nb5 a6 20. Rxc8 Qxc8 21. Rc1 Qb8
22. Nc7 Rc8 23. Nxa6 Rxc1+ 24. Qxc1 Bxa6 25. Bxa6 Qa7 26. Qc8+ Nf8 27. Qb7 Qxb7
28. Bxb7 Ng6 29. Ne2 Kf7 30. g3 Ke8 31. Bc6+ Kd8 32. Kf2 Kc7 33. Bb5 Nf8 34.
Ke3 Nd7 35. Kd3 g5 36. Kc3 Nb8 37. fxg5 Bxg5 38. Nf4 Bxf4 39. gxf4 Nc6 40. Bxc6
Kxc6 41. Kb4 h5 42. h4 Kc7 43. Kb5 Kb7 44. a4 Kc7 45. a5 bxa5 46. Kxa5 Kb7 47.
Kb5 Kc7 48. Ka6 Kc6 49. b4 Kc7 50. b5 Kb8 51. Kb6 Kc8 52. Ka7 Kc7 53. b6+ Kc8
54. b7+ 1-0

[Event "4NCL Online Division 4"]
[Site "online"]
[Date "2020.05.12"]
[Round "6.14"]
[White "Seymour, Paul"]
[Black "Pettinger, Martin"]
[Result "1-0"]
[WhiteElo "1667"]
[BlackElo "1645"]
[PlyCount "79"]
[EventDate "2020.05.12"]
[WhiteTeam "Surbiton 3"]
[BlackTeam "Ashfield Anonymous B"]

1. d4 Nf6 2. Bf4 d6 3. e3 Bf5 4. c4 Nbd7 5. Nc3 e5 6. dxe5 dxe5 7. Bg5 h6 8.
Bh4 Bb4 9. Qb3 Qe7 10. a3 Ba5 11. Bxf6 Qxf6 12. Qxb7 O-O 13. b4 e4 14. Rc1 Nc5
15. Qd5 Nb3 16. Qd1 Nxc1 17. Qxc1 Bb6 18. c5 a5 19. cxb6 axb4 20. axb4 cxb6 21.
Nge2 Rfc8 22. Nd4 Ra2 23. Be2 Qg6 24. Nxf5 Qxf5 25. Qb1 Ra3 26. Nb5 Rd3 27. Nd4
Qg6 28. Bxd3 exd3 29. O-O h5 30. Rd1 h4 31. h3 Rc3 32. Qb2 Rc4 33. Qd2 Qd6 34.
b5 Rc5 35. Qxd3 Qf6 36. Qe4 Re5 37. Qc6 Qe7 38. Rc1 g5 39. Qc8+ Kg7 40. Nf5+
1-0

[Event "4NCL Online Division 4"]
[Site "online"]
[Date "2020.05.12"]
[Round "6.21"]
[White "Boumphrey, Luke S"]
[Black "Bozinakis, Pavlos"]
[Result "0-1"]
[WhiteElo "2020"]
[BlackElo "2216"]
[PlyCount "46"]
[EventDate "2020.05.12"]
[WhiteTeam "Atticus B"]
[BlackTeam "Phones Pals"]

1. e4 e5 2. Nf3 Nc6 3. Bb5 a6 4. Ba4 d6 5. O-O Bg4 6. h3 h5 7. d3 Qf6 8. Nbd2
Nge7 9. c3 Ng6 10. Re1 Be7 11. Re3 Bd7 12. Nf1 Nf4 13. Ne1 g5 14. Bxc6 Bxc6 15.
d4 O-O-O 16. Nd3 g4 17. d5 Bd7 18. Nxf4 exf4 19. Rd3 gxh3 20. g3 Rdg8 21. Qf3
fxg3 22. Qxf6 h2+ 23. Kg2 Bh3+ 0-1

[Event "4NCL Online Division 4"]
[Site "online"]
[Date "2020.05.12"]
[Round "6.22"]
[White "Shah, Dipen"]
[Black "Rothwell, James P"]
[Result "1-0"]
[WhiteElo "1501"]
[BlackElo "1892"]
[PlyCount "55"]
[EventDate "2020.05.12"]
[WhiteTeam "Phones Pals"]
[BlackTeam "Atticus B"]

1. e4 e5 2. Nf3 Nc6 3. Bc4 Bc5 4. c3 Nf6 5. d3 a6 6. O-O Ba7 7. Be3 O-O 8. Nbd2
d6 9. Bxa7 Rxa7 10. a4 Qe7 11. b4 Be6 12. Qb3 Raa8 13. h3 Nh5 14. d4 Bxc4 15.
Qxc4 Nf4 16. d5 Nd8 17. b5 a5 18. Kh2 Qd7 19. Ng1 f5 20. g3 Ng6 21. exf5 Rxf5
22. Ne4 b6 23. Qe2 Nb7 24. Nf3 Qf7 25. Nfg5 Qxd5 26. c4 Qd4 27. Ne6 Rxf2+ 28.
Nxf2 1-0